| 000 | 00824nam a22001937a 4500 | ||
|---|---|---|---|
| 999 |
_c21089 _d21089 |
||
| 003 | AR-CdUCM | ||
| 008 | 191007b ||||| |||| 00| 0 spa d | ||
| 040 |
_aMUNICIPALIDAD PROVINCIAL DEL CUSCO _cBIBLIOTECA MUNICIPAL DEL CUSCO |
||
| 082 |
_a621.31 / _bS57 / 1945 |
||
| 100 |
_aSinger , L. Francisco _943949 |
||
| 245 |
_aManual del bobinador : _bmaquinas de corriente alterna / |
||
| 260 |
_aBuenos aires : _bHASA, _c1945. |
||
| 300 |
_a176 páginas ; _bilustraciones ; _c18 cm |
||
| 505 | _aContenido : Alternadores -- Motores sincrónicos -- Motores asincronicos -- Motores asincronicos o de inducción -- Bobinados del estator -- Bobinados en cadena -- Bobinado imbricado -- Bobinado ondulados -- Bobinado del rotor. | ||
| 650 |
_aBobinado _943950 |
||
| 650 |
_aManuales _95970 |
||
| 942 |
_2ddc _cLIBROS |
||
| 945 | _azta | ||